Música, semántica, sociedad

Salvato in:
Dettagli Bibliografici
Autore principale: Pousseur, Henri (Autore)
Natura: Libro
Lingua:spagnolo
Pubblicazione: Madrid Alianza 1984
Serie:Alianza Música, 14
Soggetti:
Tags: Aggiungi Tag
Nessun Tag, puoi essere il primo ad aggiungerne!!

MARC

LEADER 00000nam a2200000 a 4500
001 UCW2392
003 CL-VaPUC
005 20231020101726.0
008 890921e19840000SP |||||||||||||||||spa|d
999 |c 216945  |d 216943 
040 |c Pontificia Universidad Católica de Valparaíso 
082 0 4 |a 780.03 POU 1984  |2 21 
100 0 |a Pousseur, Henri  |e author  |9 306466 
245 1 0 |a Música, semántica, sociedad 
260 |a Madrid  |b Alianza  |c 1984 
300 |a 120 p 
490 0 |a Alianza Música, 14 
583 |a last modification  |c 19890921 00:00:00  |k Rodrigo Vera 
650 0 |a Sociología de la música  |9 306467 
650 0 |a Estética musical  |9 265497 
650 0 |a Psicoanálisis   |2 CL-VaPUC  |9 265702 
942 |c BK  |2 ddc 
945 |d 19890921 00:00:00 
952 |0 0  |1 0  |2 ddc  |4 0  |6 780_030000000000000_POU_1984  |7 0  |8 A  |9 203374  |a BIBEDU  |b BIBEDU  |d 2019-11-15  |i 2706180  |o 780.03 POU 1984  |p 2706180  |r 2023-01-12  |w 2019-11-15  |y BK  |k MUS